États non reconnus internationalement - Statistiques

Statistiques générales
  • Ce quiz a été pris 120 fois
  • Le résultat moyen est 8 sur 18
Statistiques - réponses
Statut ONU JetPunk États % Correct
Reconnu par 148 États membres de l'ONU Observateur Palestine
96%
Non reconnu par la Corée du Nord Corée du Sud
75%
Non reconnu par la Turquie Chypre
74%
Non reconnu par 21 États membres de l'ONU Israël
65%
Reconnu par 12 États membres de l'ONU Taiwan
64%
Reconnu par 98 États membres de l'ONU Kosovo
50%
Non reconnu par le Pakistan Arménie
46%
Reconnu par la Turquie Chypre du Nord
44%
Reconnu par la Russie, le Nicaragua, le Venezuela, Nauru et la Syrie Ossétie du Sud
41%
Reconnu par aucun État membre de l'ONU Somaliland
41%
Reconnu par la Russie, le Nicaragua, le Venezuela, Nauru et la Syrie Abkhazie
40%
Non reconnu par 5 États membres de l'ONU Corée du Nord
37%
Reconnu par 31 États membres de l'ONU Sahara occidental
35%
Non reconnu par 12 États membres de l'ONU Chine
34%
Reconnu par 2 États non membres de l'ONU Transnistrie
30%
Reconnu par aucun autre État Azawad
3%
Reconnu par aucun autre État Chinland
3%
Reconnu par aucun autre État Baloutchistan
1%
Aucun quiz correspondant
Distribution des résultats
% des personnes avec chaque résultat
Percentile par nombre de réponses
Votre historique - résultats
Vous n’avez pas pris ce quiz